<?xml version="1.0" encoding="UTF-8"?><?xml-stylesheet type="text/xsl" href="static/style.xsl"?><OAI-PMH xmlns="http://www.openarchives.org/OAI/2.0/" xmlns:xsi="http://www.w3.org/2001/XMLSchema-instance" xsi:schemaLocation="http://www.openarchives.org/OAI/2.0/ http://www.openarchives.org/OAI/2.0/OAI-PMH.xsd"><responseDate>2026-04-18T12:42:32Z</responseDate><request verb="GetRecord" identifier="oai:riubu.ubu.es:10259/9668" metadataPrefix="marc">https://riubu.ubu.es/oai/request</request><GetRecord><record><header><identifier>oai:riubu.ubu.es:10259/9668</identifier><datestamp>2024-11-07T11:00:12Z</datestamp><setSpec>com_10259_2685</setSpec><setSpec>com_10259_2684</setSpec><setSpec>col_10259_2688</setSpec></header><metadata><record xmlns="http://www.loc.gov/MARC21/slim" xmlns:doc="http://www.lyncode.com/xoai" xmlns:xsi="http://www.w3.org/2001/XMLSchema-instance" xmlns:dcterms="http://purl.org/dc/terms/" xsi:schemaLocation="http://www.loc.gov/MARC21/slim http://www.loc.gov/standards/marcxml/schema/MARC21slim.xsd">
<leader>00925njm 22002777a 4500</leader>
<datafield tag="042" ind1=" " ind2=" ">
<subfield code="a">dc</subfield>
</datafield>
<datafield tag="720" ind1=" " ind2=" ">
<subfield code="a">Rivas Navazo, Fernando</subfield>
<subfield code="e">author</subfield>
</datafield>
<datafield tag="260" ind1=" " ind2=" ">
<subfield code="c">2024</subfield>
</datafield>
<datafield tag="520" ind1=" " ind2=" ">
<subfield code="a">Este podcast explora el fascinante mundo de la programación paralela, un campo crucial en la informática moderna para aprovechar el poder de los sistemas multiprocesador y distribuidos. Abordaremos desde los fundamentos de los sistemas operativos que la sustentan, pasando por los modelos y paradigmas de programación a nivel de aplicación, hasta la gestión eficiente de recursos con herramientas como PBS. Acompáñanos en este viaje para descubrir cómo la programación paralela impulsa la innovación en áreas como la computación de alto rendimiento, el análisis de big data y la inteligencia artificial.</subfield>
</datafield>
<datafield tag="024" ind2=" " ind1="8">
<subfield code="a">http://hdl.handle.net/10259/9668</subfield>
</datafield>
<datafield ind1=" " ind2=" " tag="653">
<subfield code="a">Programación paralela</subfield>
</datafield>
<datafield ind1=" " ind2=" " tag="653">
<subfield code="a">Sistemas operativos</subfield>
</datafield>
<datafield ind1=" " ind2=" " tag="653">
<subfield code="a">Multiprocesadores</subfield>
</datafield>
<datafield ind1=" " ind2=" " tag="653">
<subfield code="a">Sistemas distribuidos</subfield>
</datafield>
<datafield ind1=" " ind2=" " tag="653">
<subfield code="a">PBS (Portable Batch System)</subfield>
</datafield>
<datafield ind1=" " ind2=" " tag="653">
<subfield code="a">MPI</subfield>
</datafield>
<datafield ind1=" " ind2=" " tag="653">
<subfield code="a">OpenMP</subfield>
</datafield>
<datafield ind1=" " ind2=" " tag="653">
<subfield code="a">Sincronización</subfield>
</datafield>
<datafield ind1=" " ind2=" " tag="653">
<subfield code="a">Hilos</subfield>
</datafield>
<datafield ind1=" " ind2=" " tag="653">
<subfield code="a">Procesos</subfield>
</datafield>
<datafield ind1=" " ind2=" " tag="653">
<subfield code="a">Planificación</subfield>
</datafield>
<datafield ind1=" " ind2=" " tag="653">
<subfield code="a">Escalabilidad</subfield>
</datafield>
<datafield ind1=" " ind2=" " tag="653">
<subfield code="a">Rendimiento</subfield>
</datafield>
<datafield ind1=" " ind2=" " tag="653">
<subfield code="a">Arquitecturas paralelas</subfield>
</datafield>
<datafield tag="245" ind1="0" ind2="0">
<subfield code="a">Dominando la programación paralela: del sistema operativo a las aplicaciones</subfield>
</datafield>
</record></metadata></record></GetRecord></OAI-PMH>